000 05405cam a22007214i 4500
003 PE-LiUPU
005 20250731173021.0
008 150623s1996 ag r 000 0 spa d
020 _a9505735677
035 _a(Sirsi) i9789505735679
040 _aPE-LiUPU
_bspa
_cPE-LiUPU
_erda
049 _aPRUA
050 _aBX6146
_b.OP
082 0 4 _a286.7325
_bOP
_221
082 0 4 _aW655.52
_bEOP 1996
100 1 _aWhite, Elena G. de,
_eautor.
245 1 3 _aEl otro poder /
_cElena G. de White.
250 _aPrimera edición.
264 1 _aFlorida, Buenos Aires :
_bAsociación Casa Editora Sudamericana,
_c1996.
300 _a192 páginas ;
_c18 centímetros
336 _atext
_2rdacontent
337 _aunmediated
_2rdamedia
338 _avolume
_2rdacarrier
500 _aEl ejemplar 47614 va al Centro White, el 47613 a Circulación.
505 0 _aEl gran objetivo de nuestras publicaciones -- Los artículos para nuestras revistas -- Fundamentos, pilares e hitos -- Actitud hacia una nueva luz -- La investigación de nueva luz -- La integridad del mensaje -- Cóafrontar la oposición -- Palabras de precaución -- Actitud hacia las autoridades civiles -- Publicación de declaraciones conflictivas -- Consejos para los escritores -- Consejos para los redactores -- El órgano informativo de nuestra iglesia -- Las revistas misioneras -- Las revistas de educación -- Las revistas de salud -- La circulación de nuestras revistas -- La publicidad en los diarios -- La clase de libros que se necesita -- Duplicación de libros y nuevas ediciones -- Las publicaciones independientes -- La comisión de manuscritos -- La mayordomía del autos -- Las ilustraciones de nuestras publicaciones -- Las publicaciones en la culminación de la obra.
526 _aSEG42
526 _aSEG41
526 _aSEG40
526 _aSEG39
526 _aP94
526 _aP87
526 _aP86
526 _aP85
526 _aP77
526 _aP76
526 _aP35
650 1 4 _aColportaje (Adventistas del Séptimo Día).
650 2 4 _aEvangelismo
_xPublicaciones.
942 _2ddc
_cBOOK
949 _a286.7325 OP
_wDEWEY
_c1
_i47614
_lCIA
_mBWL
_r1
_sY
_tBOOK
_u2015-6-24
_xWHITE
_zUNKNOWN
_0COMPRA
_o.STAFF. Colección General
949 _a286.7325 OP
_wDEWEY
_c2
_i47613
_f2017-2-15
_g1
_lCCODEBUL1
_mBUL
_r0
_sY
_tBOOK
_u2015-6-24
_xTEOLOGIA
_zUNKNOWN
_0COMPRA
_o.STAFF. Colección General
949 _aW655.52 EOP 1996
_wDEWEY
_c1
_iFJ08807
_lCCODECWJ1
_mBUJ
_p10.00
_r0
_sY
_tBOOK
_u2017-09-19
_xBIBLIOTECA
_zUNKNOWN
_0COMPRA
_o.STAFF. Colección General Juliaca
949 _aW655.52 EOP 1996
_wDEWEY
_c2
_iFJ08808
_lCCODECWJ1
_mBUJ
_p10.00
_r0
_sY
_tBOOK
_u2017-09-19
_xBIBLIOTECA
_zUNKNOWN
_0COMPRA
_o.STAFF. Colección General Juliaca
949 _aW655.52 EOP 1996
_wDEWEY
_c3
_iFJ08809
_lCCODECWJ1
_mBUJ
_p10.00
_r0
_sY
_tBOOK
_u2017-09-19
_xBIBLIOTECA
_zUNKNOWN
_0COMPRA
_o.STAFF. Colección General Juliaca
949 _aW655.52 EOP 1996
_wDEWEY
_c4
_iFJ08810
_lCCODECWJ1
_mBUJ
_p10.00
_r0
_sY
_tBOOK
_u2017-09-19
_xBIBLIOTECA
_zUNKNOWN
_0COMPRA
_o.STAFF. Colección General Juliaca
949 _aW655.52 EOP 1996
_wDEWEY
_c5
_iFJ08811
_lCCODECWJ1
_mBUJ
_p10.00
_r0
_sY
_tBOOK
_u2017-09-19
_xBIBLIOTECA
_zUNKNOWN
_0COMPRA
_o.STAFF. Colección General Juliaca
949 _aW655.52 EOP 1996
_wDEWEY
_c6
_iFJ08812
_lCCODECWJ1
_mBUJ
_p10.00
_r0
_sY
_tBOOK
_u2017-09-19
_xBIBLIOTECA
_zUNKNOWN
_0COMPRA
_o.STAFF. Colección General Juliaca
949 _aW655.52 EOP 1996
_wDEWEY
_c7
_iFJ08813
_lCCODECWJ1
_mBUJ
_p10.00
_r0
_sY
_tBOOK
_u2017-09-19
_xBIBLIOTECA
_zUNKNOWN
_0COMPRA
_o.STAFF. Colección General Juliaca
994 _aC0
_bPEPRU
596 _a1 3 4
999 _a286.7325 OP
_wDEWEY
_c24140
_i47613
_d24140
_e2018-3-28
_f2021-11-11
_g4
_lCCODEBUL1
_mBUL
_n1
_q1
_r0
_sY
_tBOOK
_u2015-6-24
_xTEOLOGIA
_zUNKNOWN
_0COMPRA
_o.STAFF. Colección General
999 _a286.7325 OP 1996
_wDEWEY
_c1
_iCW47614
_f2021-12-21
_g2
_lCCODECWL1
_mBWL
_p10.00
_r1
_sY
_tBOOK
_u2015-6-24
_xWHITE
_zUNKNOWN
_0COMPRA
_o.STAFF. Centro White
999 _aW655.52 EOP 1996
_wDEWEY
_c1
_iFJ08807
_f2022-2-3
_g4
_lCCODECWJ1
_mBUJ
_p10.00
_r0
_sY
_tBOOK
_u2017-9-19
_xBIBLIOTECA
_zUNKNOWN
_0COMPRA
_o.STAFF. Colección General Juliaca
999 _aW655.52 EOP 1996
_wDEWEY
_c2
_iFJ08808
_f2022-2-3
_g4
_lCCODECWJ1
_mBUJ
_p10.00
_r0
_sY
_tBOOK
_u2017-9-19
_xBIBLIOTECA
_zUNKNOWN
_0COMPRA
_o.STAFF. Colección General Juliaca
999 _aW655.52 EOP 1996
_wDEWEY
_c3
_iFJ08809
_d2018-6-18
_e2018-6-15
_f2022-2-3
_g4
_lCCODECWJ1
_mBUJ
_n1
_p10.00
_r0
_sY
_tBOOK
_u2017-9-19
_xBIBLIOTECA
_zUNKNOWN
_0COMPRA
_o.STAFF. Colección General Juliaca
999 _aW655.52 EOP 1996
_wDEWEY
_c4
_iFJ08810
_d2019-11-4
_f2022-2-3
_g4
_lCCODECWJ1
_mBUJ
_p10.00
_q1
_r0
_sY
_tBOOK
_u2017-9-19
_xBIBLIOTECA
_zUNKNOWN
_0COMPRA
_o.STAFF. Colección General Juliaca
999 _aW655.52 EOP 1996
_wDEWEY
_c5
_iFJ08811
_d2017-10-19
_f2022-2-3
_g4
_lCCODECWJ1
_mBUJ
_p10.00
_q2
_r0
_sY
_tBOOK
_u2017-9-19
_xBIBLIOTECA
_zUNKNOWN
_0COMPRA
_o.STAFF. Colección General Juliaca
999 _aW655.52 EOP 1996
_wDEWEY
_c6
_iFJ08812
_f2022-2-3
_g4
_lCCODECWJ1
_mBUJ
_p10.00
_r0
_sY
_tBOOK
_u2017-9-19
_xBIBLIOTECA
_zUNKNOWN
_0COMPRA
_o.STAFF. Colección General Juliaca
999 _aW655.52 EOP 1996
_wDEWEY
_c7
_iFJ08813
_f2022-2-3
_g4
_lCCODECWJ1
_mBUJ
_p10.00
_r0
_sY
_tBOOK
_u2017-9-19
_xBIBLIOTECA
_zUNKNOWN
_0COMPRA
_o.STAFF. Colección General Juliaca
980 _81
_gALBERTO SANCHEZ Responsable de Automatización